The Standard Form of Nominated Sub-contract Tender NSC/T and Articles of Nominated Sub-Contract Agreement 1991 edition... NSC/T: Part 3: particular conditions to be agreed by a contractor and a sub-contractor nominated under SF 80 clause 35.6... (Record no. 95781)

MARC details
000 -LEADER
fixed length control field 00836cam a2200229 4500
001 - CONTROL NUMBER
control field J271
008 - FIXED-LENGTH DATA ELEMENTS--GENERAL INFORMATION
fixed length control field 090401t1991 xxu||||| |||| 00| 0 eng d
035 ## - SYSTEM CONTROL NUMBER
System control number (Sirsi) u74180
041 ## - LANGUAGE CODE
Language code of text/sound track or separate title eng
050 ## - LIBRARY OF CONGRESS CALL NUMBER
Classification number 692.9
090 ## - LOCALLY ASSIGNED LC-TYPE CALL NUMBER (OCLC); LOCAL CALL NUMBER (RLIN)
Classification number (OCLC) (R) ; Classification number, CALL (RLIN) (NR) JCT 1991/7A
110 ## - MAIN ENTRY--CORPORATE NAME
Corporate name or jurisdiction name as entry element Joint Contracts Tribunal
9 (RLIN) 3664
245 #4 - TITLE STATEMENT
Title The Standard Form of Nominated Sub-contract Tender NSC/T and Articles of Nominated Sub-Contract Agreement 1991 edition... NSC/T: Part 3: particular conditions to be agreed by a contractor and a sub-contractor nominated under SF 80 clause 35.6...
260 ## - PUBLICATION, DISTRIBUTION, ETC.
Place of publication, distribution, etc. London
Name of publisher, distributor, etc. RIBA Publications Ltd.
Date of publication, distribution, etc. 1991
300 ## - PHYSICAL DESCRIPTION
Extent 4p. in pad of 15 forms ; 30cm.
350 ## - PRICE (NR) (BK AM CF MU VM SE) [OBSOLETE]
Price 0
650 ## - SUBJECT ADDED ENTRY--TOPICAL TERM
Topical term or geographic name entry element JCT STANDARD FORM OF CONTRACT 1980
650 ## - SUBJECT ADDED ENTRY--TOPICAL TERM
Topical term or geographic name entry element SUBCONTRACTS
690 ## - LOCAL SUBJECT ADDED ENTRY--TOPICAL TERM (OCLC, RLIN)
Topical term or geographic name as entry element BUILT ENVIRONMENT-BUILDING CONTRACT FORMS
942 ## - ADDED ENTRY ELEMENTS (KOHA)
Suppress in OPAC 0
948 ## - LOCAL PROCESSING INFORMATION (OCLC); SERIES PART DESIGNATOR (RLIN)
c (OCLC) 04/03/1997
Holdings
Withdrawn status Lost status Source of classification or shelving scheme Damaged status Not for loan Home library Current library Shelving location Date acquired Total Checkouts Full call number Barcode Date last seen Copy number Price effective from Koha item type
    Dewey Decimal Classification     London London Boxed set 18/10/1991   JCT 1991/7 30024483 06/08/2019 1 06/08/2019 Reference material